000 00520nam a22001817a 4500
005 20250220155648.0
010 _aENG-143837
020 _c295.00
_a9789392210761
035 _aEN-127369
037 _bDBAD
082 _aN
_201
100 _aPlath Sylvia
_978304
245 _aThe Bell jar /
_cby Sylvia Plath
_henglish
260 _achandigarh
_bJGS Enterprises pvt ltd
_c2024
270 _bchandigarh
_aSCO - 14-15, Sector 8-C
_e160009
300 _a217.pb
_c20cm(pbk)
942 _2ddc
_cEN
_hN
_mPLA
_e01
_kEN-127369
999 _c209248
_d209248